000 00779nam a22002417a 4500
999 _c10310
_d10310
003 AR-CdUCM
008 190329b ||||| |||| 00| 0 spa d
040 _aMUNICIPALIDAD PROVINCIAL DEL CUSCO
_cBIBLIOTECA MUNICIPAL DEL CUSCO
041 _heng
082 _a550 /
_bSH47
100 _aShepherd, Walter
_927092
245 _aLa superficie de la tierra
260 _aValencia :
_bEdiciones Anaya,
_c1970.
300 _a48 paginas ;
_bilustraciones, graficos, dibujos,
_c22 cm.
440 _aLa ciencia al descubierto
_n6
_927104
505 _aContenido: Paisaje -- MontaƱas -- Manantiales -- Valles -- glaciares...
650 _aPaisaje
_91600
650 _aTierra
_9337
650 _aValles
_914565
650 _aGlaciares
_927105
942 _2ddc
_cLIBROS
945 _apjha